MARC

LEADER 00000nam0a2200000 4500
001 251058
005 20231101232624.0
035 |a (RuTPU)RU\TPU\book\273309 
090 |a 251058 
100 |a 20140218d1967 m y0rusy50 ca 
101 0 |a rus 
102 |a RU 
105 |a y j 001zy 
200 1 |a Химия  |e методическое пособие для поступающих в институт  |f А. Н. Александрова, Н. С. Герцева, Б. Н. Рабинович  |g Московский горный институт (МГИ) 
210 |a Москва  |d 1967 
215 |a 48 с. 
320 |a Библиогр.: с. 48 
606 1 |a Химия  |2 stltpush  |3 (RuTPU)RU\TPU\subj\17362  |9 43035 
610 1 |a химические законы 
610 1 |a растворы 
610 1 |a химические соединения 
610 1 |a периодическая таблица 
610 1 |a химические связи 
610 1 |a валентность 
610 1 |a органическая химия 
610 1 |a высокомолекулярные соединения 
610 1 |a учебные пособия 
675 |a 54(075.4)  |v 3 
700 1 |a Александрова  |b А. Н. 
701 1 |a Герцева  |b Н. С. 
701 1 |a Рабинович  |b Б. Н. 
712 0 2 |a Московский горный институт (МГИ)  |c (1930-1962, 1966-1993)  |2 stltpush  |3 (RuTPU)RU\TPU\col\3944 
801 1 |a RU  |b 63413507  |c 20140218 
801 2 |a RU  |b 63413507  |c 20160629  |g RCR 
942 |c BK